Normal view
MARC view
Entry Término temático
001 - NÚMERO DE CONTROL
- campo de control: 39760
003 - IDENTIFICADOR DE NÚMERO DE CONTROL
- campo de control: OSt
005 - FECHA Y HORA DE LA ÚLTIMA TRANSACCIÓN
- campo de control: 20250414133658.0
008 - ELEMENTOS DE DATO DE LONGITUD-FIJA
- campo de control de longitud fija: 250414|| aca||babn | a|a d
040 ## - FUENTE DE CATALOGACIÓN
- Centro catalogador/agencia de origen: OSt
150 ## - ENCABEZAMIENTO--TÉRMINO DE MATERIA
- Término de materia o nombre geográfico como elemento de entrada: DIA INTERNACIONAL DE LA ELIMINACION DE LA DISCRIMINACION RACIAL
450 ## - TRAZADO DE VÉASE--TÉRMINO DE MATERIA
- Término de materia o nombre geográfico como elemento de entrada: 21 DE MARZO
450 ## - TRAZADO DE VÉASE--TÉRMINO DE MATERIA
- Término de materia o nombre geográfico como elemento de entrada: DIA INTERNACIONAL CONTRA EL RACISMO
450 ## - TRAZADO DE VÉASE--TÉRMINO DE MATERIA
- Término de materia o nombre geográfico como elemento de entrada: DIA INTERNACIONAL CONTRA EL RACISMO Y LA XENOFOBIA
450 ## - TRAZADO DE VÉASE--TÉRMINO DE MATERIA
- Término de materia o nombre geográfico como elemento de entrada: DIA INTERNACIONAL CONTRA EL RACISMO, LA XENOFOBIA Y EL ANTISEMITISMO